[Event "Toronto-ch Reserves"]
[Site "Toronto"]
[Date "2002.02.06"]
[Round "10"]
[White "Vadachkoriya, Irakli"]
[Black "Haziprodromu, Sam"]
[Result "1/2-1/2"]
[WhiteElo "1949"]
[BlackElo "1979"]
[PlyCount "137"]
[EventDate "2002.01.??"]
[EventType "tourn"]
[EventRounds "11"]
[EventCountry "CAN"]
[SourceTitle "EXT 2006"]
[Source "ChessBase"]
[SourceDate "2005.11.24"]
[SourceVersion "1"]
[SourceVersionDate "2005.11.24"]
[SourceQuality "1"]

1. e4 e5 2. Nf3 Nc6 3. d4 exd4 4. Bc4 Nf6 5. e5 d5 6. Bb5 Ne4 7. Nxd4 Bc5 8. Be3 0-0 9. Bxc6 bxc6 10. 0-0 Bxd4 11. Bxd4 c5 12. Be3 d4 13. Bc1 Bb7 14. Qe2 Re8 15. f3 a5 16. Re1 Nd6 17. Qf2 Nc4 18. f4 Ra6 19. Nd2 Nxd2 20. Qxd2 Rg6 21. Re2 Qd5 22. f5 Rg4 23. h3 Re4 24. Rxe4 Qxe4 25. Qf2 Rxe5 26. Bf4 Rxf5 27. Re1 Qc6 28. Qe2 h6 29. Qe8+ Kh7 30. Qxc6 Bxc6 31. Bxc7 a4 32. Bb6 h5 33. Re2 Rd5 34. Re7 Rg5 35. Rc7 a3 36. b3 Rxg2+ 37. Kf1 Rxc2 38. Rxc6 Rc1+ 39. Ke2 Rc2+ 40. Ke1 Rxa2 41. Rxc5 Rb2 42. Rxh5+ Kg6 43. Ra5 Rb1+ 44. Ke2 d3+ 45. Kd2 Rb2+ 46. Ke3 d2 47. Ke2 Rxb3 48. Kxd2 Rxb6 49. Rxa3 Re6 50. Rg3+ Kh6 51. Rg4 g6 52. Kd1 f5 53. Rf4 Kg5 54. Rd4 f4 55. Kd2 Kh4 56. Rxf4+ Kxh3 57. Rf3+ Kg2 58. Rf4 Kg3 59. Rf1 g5 60. Rg1+ Kf4 61. Rf1+ Kg4 62. Rg1+ Kf5 63. Rf1+ Kg6 64. Re1 Rxe1 65. Kxe1 Kf5 66. Kf1 Kf4 67. Kf2 g4 68. Kg2 g3 69. Kg1 1/2-1/2

[Event "Toronto-ch Reserves"]
[Site "Toronto"]
[Date "2002.01.19"]
[Round "4"]
[White "Vadachkoriya, Irakli"]
[Black "Paterson, Jim"]
[Result "1/2-1/2"]
[WhiteElo "1949"]
[BlackElo "1964"]
[PlyCount "70"]
[EventDate "2002.01.??"]
[EventType "tourn"]
[EventRounds "11"]
[EventCountry "CAN"]
[SourceTitle "EXT 2006"]
[Source "ChessBase"]
[SourceDate "2005.11.24"]
[SourceVersion "1"]
[SourceVersionDate "2005.11.24"]
[SourceQuality "1"]

1. e4 c5 2. Nc3 Nc6 3. f4 e6 4. Bc4 a6 5. a4 Nge7 6. d3 d5 7. Ba2 dxe4 8. Nxe4 Nf5 9. Nf3 Be7 10. 0-0 0-0 11. Kh1 b6 12. Qe1 Nfd4 13. Qf2 Bd7 14. Be3 Nxf3 15. Qxf3 Nb4 16. Bb3 Nd5 17. Bd2 Nf6 18. Bc3 Nxe4 19. Qxe4 Ra7 20. Be5 Bf6 21. Rf3 Qa8 22. Qe3 Bc6 23. Rg3 Bxe5 24. fxe5 Bd5 25. Rf1 g6 26. Bxd5 Qxd5 27. b3 Qd4 28. Qe2 Rd7 29. Rg4 Qc3 30. Rc4 Qb2 31. Rcf4 Rd5 32. Qf2 Rd7 33. Qe2 Rd4 34. R4f3 Rd5 35. Qf2 Rd7 1/2-1/2

[Event "Toronto-ch Reserves"]
[Site "Toronto"]
[Date "2002.01.14"]
[Round "2"]
[White "Vadachkoriya, Irakli"]
[Black "Takov, Chris"]
[Result "1/2-1/2"]
[WhiteElo "1949"]
[BlackElo "1900"]
[PlyCount "109"]
[EventDate "2002.01.??"]
[EventType "tourn"]
[EventRounds "11"]
[EventCountry "CAN"]
[SourceTitle "EXT 2006"]
[Source "ChessBase"]
[SourceDate "2005.11.24"]
[SourceVersion "1"]
[SourceVersionDate "2005.11.24"]
[SourceQuality "1"]

1. e4 e6 2. d4 d5 3. exd5 exd5 4. c4 c6 5. Nc3 Nf6 6. Nf3 Bb4 7. Bd3 0-0 8. 0-0 Bg4 9. cxd5 cxd5 10. Bg5 Be7 11. Be2 Nc6 12. Ne5 Bxe2 13. Nxe2 Nxe5 14. dxe5 Ng4 15. Bxe7 Qxe7 16. Qxd5 Rfd8 17. Qe4 Nxe5 18. Nc3 f6 19. Rfd1 b6 20. Rac1 Rac8 21. Nd5 Qd6 22. Rxc8 Rxc8 23. Ne3 Qc6 24. Qxc6 Rxc6 25. f4 Nc4 26. Nxc4 Rxc4 27. Rd8+ Kf7 28. Rd7+ Kg6 29. Rxa7 Rc1+ 30. Kf2 Rc2+ 31. Kf3 Rxb2 32. a4 Rb3+ 33. Kf2 h5 34. a5 bxa5 35. Rxa5 h4 36. h3 Kh6 37. Ra6 Rb5 38. Kf3 Kg6 39. Kg4 Rb2 40. Kf3 Kh5 41. Ra7 g5 42. fxg5 fxg5 43. Rh7+ Kg6 44. Rh8 Rb3+ 45. Kf2 Rb4 46. Rg8+ Kh6 47. Kf3 Rf4+ 48. Ke2 Rf5 49. Re8 Rf6 50. Re4 Kg6 51. Rg4 Kf5 52. Kf3 Ra6 53. Rb4 Rd6 54. Rb5+ Kg6 55. Rb4 1/2-1/2